00641cam a22002297a 4500003000500000005001700005008004100022010000900063011001000072035000900082040000900091082001400100100002500114245002900139260005000168300000800218490005100226650002200277700002800299700003300327830005100360CHAP20220329133649.0971013s1994 r 00010 d a9195 a10167 a9404 cCHAP a588.2bS400aSharp, Aaron J.eed.14aThe moss flora of Mexico aBronx :bThe New York Botanical Garden,c1994 a2 v 0aMemoirs of the New York botanical gardenv; 6914aMusgosxMéxico.0 aCrum, Howard Alvineed.0 aEckel, Patricia Maureeneed.0 aMemoirs of the New York botanical gardenv; 69